Sports Quiz

Random Sports or Auto Racing Quiz

F1 1973 Lap Leaders (in order) Quiz Stats

 Plays Quiz not verified by Sporcle

Score 0/11 Timer 03:00
0 Plays Today
Laps in lead (Races) Driver % Correct
214 (6/15)Jackie Stewart
97.7%
393 (11/15)Ronnie Peterson
90.9%
120 (6/15)Emerson Fittipaldi
90.9%
76 (3/15)François Cevert
89.8%
63 (2/15)Peter Revson
72.7%
6 (2/15)Denny Hulme
69.3%
17 (1/15)Niki Lauda
65.9%
28 (1/15)Clay Regazzoni
62.5%
43 (2/15)Jody Scheckter
54.5%
6 (1/15)Jean-Pierre Beltoise
42%
7 (1/15)Jackie Oliver
37.5%

You're not logged in!

Compare scores with friends on all Sporcle quizzes.
OR
Log In

You Might Also Like...

Show Comments

Extras

Top Quizzes Today


Score Distribution

Your Account Isn't Verified!

In order to create a playlist on Sporcle, you need to verify the email address you used during registration. Go to your Sporcle Settings to finish the process.

Report this User

Report this user for behavior that violates our Community Guidelines.

Details: